000 01359nam a2200397 a 4500
003 AR-BaBNM
005 20251128205104.0
008 082120s2002 ||||||||||||||000 | spa||
020 _a84-86587-84-0
040 _cAR-BaBNM
100 1 _aLipman, Matthew
245 0 0 _aInvestigación social
_bmanual del profesor para acompañar a Mark
260 _aMadrid
_bEdiciones de la Torre
_c1990
300 _a460 p.
490 0 _aProyecto didáctico Quirón. Filosofía para niños
500 _aEste libro está contenido en nueve cuadernillos, con un total de 460 páginas; el primero incluye el índice general y la introducción, y los siguientes, los correspondientes capítulos desde el I hasta el VIII
504 _aBibliografía: p. 43-44
650 4 _aETICA
650 4 _aENSEÑANZA DE LA FILOSOFIA
650 4 _aVALORES
650 4 _aDISCRIMINACION SEXUAL
650 4 _aBUROCRACIA
650 4 _aJUSTICIA
650 4 _aLIBERTAD
651 4 _aEspaña
653 _aFILOSOFIA PARA NIÑOS
653 _aEDUCACION GENERAL BASICA
700 1 _aSharp, Margaret Ann
700 1 _aRice, Eileen
700 1 _aMinkowitz, Miriam
_ecolaborador
700 1 _aGarcía Moriyón, Félix
_etraductor
700 1 _aGonzález García, Magdalena
_etraductor
800 1 _aGarcía Moriyón, Félix
_ecoordinador
942 _cBK
998 _csilvi
999 _c9939
_d9939